| 000 | 00448nam a2200181 a 4500 | ||
|---|---|---|---|
| 001 | 47813 | ||
| 005 | 20180714031907.0 | ||
| 008 | 140415s1994 mx 000 0 spa d | ||
| 020 | _a9684130546 | ||
| 041 | _aspa | ||
| 082 |
_a808.1 _bARI |
||
| 100 | 1 | _aAristotle,. | |
| 245 | 1 | 3 | _aEL ARTE POETICA |
| 250 | _a1a ed. | ||
| 260 |
_aMEXICO : _bESPASA CALPE MEXICANA, _c1994 |
||
| 300 |
_a270 _c11.5 x 1 x 17.5 |
||
| 650 | 1 | 4 | _aPOESIA |
| 999 |
_c47813 _d47813 |
||